• 首页
  • 本馆介绍
  • 公告通知
  • 最新文献
  • 馆藏检索
  • 电子资源
  • 读者导购
  • 参考咨询
  • 我的图书馆
  • 登录
  • 详细信息显示
  • 放入我的书架
  • 预约/预借图书
  • 作者相关作品
  • 分类相关作品
  • 丛书相关作品
  • 出版社相关作品

书目信息

  • 表格格式
  • 工作单格式
  • 卡片格式
题名:
德育教育与心理健康教育
    
 
作者: 刘兆俊 著
分册:  
出版信息: 长春   吉林教育出版社  2020.06
页数: 241页
开本: 24cm
丛书名:
单 册:
中图分类: G41 , G444
科图分类:
主题词: 德育--de yu--教育研究 , 心理健康--xin li jian kang--健康教育
电子资源:
ISBN: 978-7-5553-5622-6
000 00944nam0 2200253 450
001 0105143317
005 20201105143350.0
010    @a978-7-5553-5622-6@dCNY108.00
100    @a20200806d2020 em y0chiy50 ea
101 0  @achi
102    @aCN@b220000
105    @ay z 000yy
106    @ar
200 1  @a德育教育与心理健康教育@Ade yu jiao yu yu xin li jian kang jiao yu@f刘兆俊著
210    @a长春@c吉林教育出版社@d2020.06
215    @a241页@d24cm
330    @a本书主要内容包括:新时期高校德育教育的探索与实践、大学生和谐人格构建的德育思考、心理健康教育对高校德育实现途径的研究、心理健康教育在高校德育体系中的引入及定位、大学生心理健康教育的功能及其实现、大学生心理健康教育德育功能探究等。
606 0  @a德育@Ade yu@x教育研究
606 0  @a心理健康@Axin li jian kang@x健康教育
690    @aG41@v5
690    @aG444@v5
701  0 @a刘兆俊@Aliu zhao jun@f(1977-)@4著
801  0 @aCN@bBJSZM@c20201105
905    @b1262454-7@dG41@e92@f4
    
    德育教育与心理健康教育/刘兆俊著.-长春:吉林教育出版社,2020.06
    241页;24cm
    
    
    ISBN 978-7-5553-5622-6:CNY108.00
    本书主要内容包括:新时期高校德育教育的探索与实践、大学生和谐人格构建的德育思考、心理健康教育对高校德育实现途径的研究、心理健康教育在高校德育体系中的引入及定位、大学生心理健康教育的功能及其实现、大学生心理健康教育德育功能探究等。
●
相关链接 在E读中查询图书 在五车中查询图书 在当当中查询图书 在豆瓣中查询图书


正题名:德育教育与心理健康教育     索取号:G41/92         预约/预借

序号 登录号 条形码 馆藏地/架位号 状态 备注
1 1262454   212624542   第四借阅区/ [索取号:G41/92] 在馆    
2 1262455   212624551   教育系资料室/ [索取号:G41/92] 在馆    
3 1262456   212624560   教育系资料室/ [索取号:G41/92] 在馆    
4 1262457   212624579   第四借阅区/ [索取号:G41/92] 在馆    
5 1295659   212956595   第一样本阅览室/ [索取号:G41/92] 在馆    
6 1295660   212956602   第四借阅区/ [索取号:G41/92] 在馆    
7 1295661   212956611   第四借阅区/ [索取号:G41/92] 在馆    
唐山师范学院图书馆 欢迎您!
大连网信软件有限公司© 版权所有